| 000 | 00415 a2200157 4500 | ||
|---|---|---|---|
| 003 | Nust | ||
| 005 | 20170207171856.0 | ||
| 040 | _cNust | ||
| 082 | _a005.1 | ||
| 100 | _aAbbasi, Ahtsham BESE-18 | ||
| 245 |
_aCardiac C-Thal System (Hard / Soft-copy) _cAhrshamAbbasi, Aneela Zulfiqar, Hammad Ansari |
||
| 260 |
_aMCS, NUST _bRawalpindi _cJune 2016 |
||
| 300 | _axii, 97 p | ||
| 650 | _aUG Projects | ||
| 651 | _aUG CSE Project | ||
| 942 | _cPRG | ||
| 999 |
_c219394 _d219394 |
||